| 000 | 00725nam a22002057a 4500 | ||
|---|---|---|---|
| 999 |
_c6136 _d6136 |
||
| 003 | AR-CdUCM | ||
| 008 | 190313b ||||| |||| 00| 0 spa d | ||
| 040 |
_aMUNICIPALIDAD PROVINCIAL DEL CUSCO _cBIBLIOTECA MUNICIPAL DEL CUSCO |
||
| 082 |
_a869.56 / _bSA161 |
||
| 100 |
_aSalazar Bondy, Sebastian _9906 |
||
| 245 | _aCuaderno de la persona oscura / | ||
| 260 |
_aLima : _bLumen, _c1950. |
||
| 300 |
_a45 páginas ; _c22 cm. _bIlustraciones, |
||
| 505 | _aContenido: Peregrinaciones de las horas -- Memoria del sueño y su cuchillo --Papeles de la amada y el amigo... | ||
| 650 |
_aPoesía peruana _9806 |
||
| 650 |
_aSiglo XX _98 |
||
| 700 |
_aSzyszlo, Fernando de (dibujo) _917791 |
||
| 942 |
_2ddc _cLIBROS |
||
| 945 | _aJavier | ||